[Event "Titled Tuesday intern op 06th Jun Early"]
[Site "Chess.com INT"]
[Date "2023.06.06"]
[Round "1"]
[White "Trifan, Andrei Ioan"]
[Black "Sanchez, Roberto Daniel"]
[Result "1-0"]
[WhiteElo "2300"]
[BlackElo "1966"]
[PlyCount "47"]
[EventDate "2023.06.06"]
[EventType "swiss (blitz)"]
[EventRounds "11"]
[EventCountry "USA"]
[SourceTitle "EXT 2024"]
[Source "ChessBase"]
[SourceDate "2023.10.10"]
[SourceVersion "1"]
[SourceVersionDate "2023.10.10"]
[SourceQuality "1"]

1. e4 e6 2. d4 d5 3. Nc3 Nf6 4. e5 Ne4 5. Nce2 f6 6. h4 Nxf2 7. Kxf2 c5 8. Nf3 Nc6 9. exf6 Qxf6 10. c3 h6 11. Bf4 Be7 12. Be5 Nxe5 13. dxe5 Qf7 14. Qc2 0-0 15. Ng3 Bd7 16. Bd3 Bc6 17. h5 c4 18. Bg6 Qf4 19. Ne2 Bc5+ 20. Ke1 Qe3 21. Rf1 d4 22. Qd2 Rxf3 23. gxf3 Qg5 24. Qxg5 1-0

[Event "Titled Tuesday intern op 30th May Late"]
[Site "Chess.com INT"]
[Date "2023.05.30"]
[Round "7"]
[White "Gabr, Mohsen"]
[Black "Sanchez, Roberto Daniel"]
[Result "1-0"]
[WhiteElo "2200"]
[BlackElo "1966"]
[PlyCount "63"]
[EventDate "2023.05.30"]
[EventType "swiss (blitz)"]
[EventRounds "11"]
[EventCountry "USA"]
[SourceTitle "CBM 214 Extra"]
[Source "ChessBase"]
[SourceDate "2023.07.31"]
[SourceVersion "1"]
[SourceVersionDate "2023.07.31"]
[SourceQuality "1"]

1. e4 e6 2. d3 c5 3. Nd2 Nc6 4. g3 d6 5. Bg2 g6 6. Ngf3 Bg7 7. 0-0 Nge7 8. c3 e5 9. a3 0-0 10. b4 b6 11. bxc5 bxc5 12. c4 h6 13. Nb1 f5 14. exf5 Bxf5 15. Bb2 Rb8 16. Qc2 Bxd3 17. Qxd3 Rxb2 18. Nh4 Nd4 19. Nc3 Rb3 20. Kh1 g5 21. Nf3 Qa5 22. Rac1 Qxa3 23. Nd2 Rb2 24. Ra1 Qb4 25. Nde4 a5 26. Nxd6 Rfxf2 27. Rxf2 Rxf2 28. Nd5 Qb2 29. Nxe7+ Kh8 30. Rg1 Rxg2 31. Rxg2 Qb1+ 32. Qxb1 1-0